000 00705nam a22002417a 4500
003 UA-OsUOA
001 76816
007 ta
008 20110822b un ||||| |||| 00| 0 ukr d
100 _aБобров О.Е.
090 _a343.6:614.256(091)
_bБ72
942 _cBK
040 _aUA-OsUOA
_brus
_cUA-OsUOA
_dUA-OsUOA
245 _aМедицинские преступления: правда и ложь
300 _a200 с.
955 _a2
041 _arus
080 _a343.6:614.256(091)
020 _a5-98157-007-5
260 _aПетрозаводск
_bИнтелТек
_c2003
650 7 _a343 Кримінальне право. Карні порушення
_2UDC
999 _c363114
_d363114